书目信息 |
| 题名: |
中国桥梁
|
|
| 作者: | 於贤德 | |
| 分册: | ||
| 出版信息: | 广州 广东旅游出版社 1996 |
|
| 页数: | 284页 | |
| 开本: | 20cm | |
| 丛书名: | ||
| 单 册: | ||
| 中图分类: | U44 | |
| 科图分类: | ||
| 主题词: | 桥涵工程 | |
| 电子资源: | ||
| ISBN: | 7-80521-626-6 | |
| 000 | 00482nam0 2200181 450 | |
| 001 | 0736196517 | |
| 005 | 20070924100316.51 | |
| 010 | @a7-80521-626-6@d¥13.80 | |
| 100 | @a20070924d km y0chiy0120 ea | |
| 101 | 0 | @achi |
| 200 | 1 | @a中国桥梁@Azhong guo qiao liang@f於贤德@Fyu xian de |
| 210 | @a广州@c广东旅游出版社@d1996 | |
| 215 | @a284页@d20cm | |
| 606 | 0 | @a桥涵工程 |
| 690 | @aU44@v3 | |
| 701 | 0 | @a於贤德@Ayu xian de |
| 801 | 0 | @aCN@bPFT@c20070924 |
| 905 | @a213230@dU44@eZY1@f1 | |
| 中国桥梁/於贤德.-广州:广东旅游出版社,1996 |
| 284页;20cm |
| ISBN 7-80521-626-6:¥13.80 |
| ● |
| 相关链接 |
|
|
|
|
正题名:中国桥梁
索取号:U44/ZY1
 
预约/预借
| 序号 | 登录号 | 条形码 | 馆藏地/架位号 | 状态 | 备注 |
| 1 | 7900536 | 279005363 | 密集书库-资源管理系/ [索取号:U44/ZY1] | 在馆 |